Statistiques concernant Culture Générale - Série 682

Cliquez ici pour prendre le quiz!

Statistiques générales

  • Ce quiz a été pris 128 fois
  • Le résultat moyen est 8 sur 10

Statistiques - réponses

QuestionRéponse% Correct
Selon l'expression, après être resté longtemps dans une mauvaise position, quels insectes dit-on "avoir dans les jambes" ?fourmis
99%
Quel animal peut être "d'arçons" en gymnastique et "de bois" sur un manège ?cheval
98%
A partir de 1860, combien la ville de Paris compte-t-elle d'arrondissements ?20
94%
Comment appelle-t-on les minuscules orifices, situés à la surface de la peau, par lesquels s'écoule la sueur ?pores
89%
Quelle saucisse sèche, assaisonnée de piment rouge et d'ail est une spécialité espagnole ?chorizo
87%
Selon le proverbe, si la parole est d'argent, qu'est-ce qui est d'or ?Le silence
86%
Quel cinéaste a dirigé Bruce Willis dans "Le Cinquième Élément" ?Luc Besson
77%
Dans un jeu de cartes classique, quelle figure est aussi appelée la dame ?reine
75%
Quel écrivain français est l'auteur des romans : "Michel Strogoff" et "L'Ile mystérieuse" ?Jules Verne
68%
A l'occasion du festival de Cannes 1995, avec quelle actrice Vanessa Paradis a-t-elle chanté "Le Tourbillon" ?Jeanne Moreau
60%

Distribution des résultats

Percentile par nombre de réponses

% des personnes avec chaque résultat

Votre développement - résultats

Vous n’avez pas pris ce quiz